000 01101cam a2200277 i 4500
001 49616
005 20230410101907.0
008 071113b2007 dr 001 0 spa
040 _aDRFGD
020 _a9789945020212
041 _aspa
050 1 4 _a118 F 1938
_bC322 2007
245 0 0 _aCartas del cabildo de Santo Domingo en el siglo XVII /
_c[compilador], Genaro Rodríguez Morel ; editor, Dantes Ortiz ; diagramación, diseño de cubierta e índice onomástico, Eric Simó
260 _aSanto Domingo :
_bArchivo General de la Nación,
_c2007.
300 _a441 p. ;
_c23 cm.
440 0 _aArchivo General de la Nación ;
_v34
440 0 _aAcademia Dominicana de la Historia ;
_v80
500 _aContiene datos biográficos del autor
651 4 _aRepública Dominicana
_xHistoria
_yColonia, 1503-1795
651 4 _aRepública Dominicana
_xHistoriografía
_vFuentes.
651 0 _aDominican Republic
_xHistory
_yTo 1844
_vSources.
651 4 _aOrtiz, Dantes,
_eeditor
651 4 _aSimó, Eric,
_ediagramación, diseño de cubierta e índice onomástico
942 _2lcc
_cbk
946 _aPP
999 _c15509
_d15509